Photonics rules of thumb : (Record no. 4747)
[ view plain ]
| 000 -LEADER | |
|---|---|
| fixed length control field | 01985nam a2200193 a 4500 |
| 020 ## - INTERNATIONAL STANDARD BOOK NUMBER | |
| ISBN | 0071385193 (hardcover) |
| 020 ## - INTERNATIONAL STANDARD BOOK NUMBER | |
| ISBN | 9780071385190 (hardcover) |
| 100 1# - MAIN ENTRY--AUTHOR NAME | |
| Personal name | Miller, John. |
| 245 10 - TITLE STATEMENT | |
| Title | Photonics rules of thumb : |
| 250 ## - EDITION STATEMENT | |
| Edition statement | 2nd ed. |
| 260 ## - PUBLICATION, DISTRIBUTION, ETC. (IMPRINT) | |
| Place of publication | [S.l.] : |
| Name of publisher | McGraw-Hill Professional, |
| Year of publication | 2003. |
| 300 ## - PHYSICAL DESCRIPTION | |
| Number of Pages | 418 p. ; |
| 520 ## - SUMMARY, ETC. | |
| Summary, etc | Quickly and easily estimate the impact of change with 300 proven photonics calculations! This book is updated with 100 completely new and improved rules and organized into 18 chapters that include lasers, detectors, optics of the atmosphere, and many more! Here is a handy compilation of 300 cost-saving, think-on-your-feet photonics rules of thumb designed to save you hours of design time and a world of frustration. Within seconds you can accurately gauge the impact of a suggested design change on your project. It is the premiere collection of these valuable rules in a single, quick look-up reference.These simple-to-implement calculations allow you to rapidly pinpoint trouble spots, ask the right questions at meetings, and are perfect for quick sanity checks of last-minute specifications or performance feature additions. Offering a convenient alphabetical arrangement according to specialty, this unique reference spans the entire spectrum of photonics, including: eighteen chapters covering optics, electro-optics, optics of the atmosphere, radiometry, technologies related to security and surveillance systems, lasers, and many others. If you want to develop a sense of what will work and what won't and want the calculations to keep things real, "Photonics Rules of Thumb" belongs on your desk or in your pocket. |
| 700 1# - ADDED ENTRY--PERSONAL NAME | |
| Personal name | Friedman, Ed. |
| 856 40 - ELECTRONIC LOCATION AND ACCESS | |
| Uniform Resource Identifier | http://www.amazon.com/exec/obidos/ASIN/0071385193/chopaconline-20 |
| Withdrawn status | Lost status | Collection code | Home library | Current library | Date acquired | Cost, normal purchase price | Full call number | Accession Number | Koha item type |
|---|---|---|---|---|---|---|---|---|---|
| Reference | Reference Section | Reference Section | 30/05/2014 | 9482.00 | 621.36MIL (Shelf - 51A) | 46283 | Books |